Oscar Winning Superhero Movie Actors - Statistics

General Stats
  • This quiz has been taken 39 times
  • The average score is 13 of 16
Answer Stats
Picture Answer % Correct
Anne Hathaway
100%
Angelina Jolie
97%
Anthony Hopkins
94%
Ben Affleck
94%
Gwyneth Paltrow
94%
Christian Bale
90%
Michael Caine
87%
Morgan Freeman
87%
Natalie Portman
84%
Brie Larson
81%
Jeff Bridges
81%
Cate Blanchett
77%
Ben Kingsley
74%
Forest Whitaker
65%
Lupita Nyong'o
52%
Sam Rockwell
39%
No matching quizzes found
Score Distribution
Percent of People with Each Score
Percentile by Number Answered
Your Score History
You have not taken this quiz